[Event "Internet Section 06A g/8'+2\""]
[Site "Dos Hermanas"]
[Date "2004.03.06"]
[Round "3"]
[White "Boudar, Sergiy"]
[Black "Torrallardona, Eduard"]
[Result "1-0"]
[WhiteElo "1786"]
[BlackElo "2134"]
[PlyCount "101"]
[EventDate "2004.03.06"]
[EventType "swiss (blitz)"]
[EventRounds "9"]
[EventCountry "ESP"]
[SourceTitle "CBM 099 Extra"]
[Source "ChessBase"]
[SourceDate "2004.05.04"]
[SourceVersion "1"]
[SourceVersionDate "2004.05.04"]
[SourceQuality "1"]

1. e4 e6 2. d4 d5 3. Nd2 Nf6 4. Bd3 c5 5. c3 Nc6 6. Ngf3 cxd4 7. cxd4 dxe4 8. Nxe4 Be7 9. 0-0 0-0 10. Bc2 b6 11. h3 Bb7 12. Re1 Nb4 13. Bb1 Rc8 14. a3 Nxe4 15. axb4 f5 16. Rxa7 Bd5 17. Bxe4 Bxe4 18. Be3 Bxb4 19. Bd2 Bxf3 20. gxf3 Qxd4 21. Bxb4 Qxb4 22. Rxe6 Rfd8 23. Qe1 Qf4 24. Ree7 Qg5+ 25. Kh2 Qf4+ 26. Kg2 Qg5+ 27. Kf1 Kh8 28. Rxg7 Qxg7 29. Rxg7 Kxg7 30. Qe5+ Kg6 31. Qe6+ Kg5 32. Qxb6 Rc1+ 33. Kg2 Rdd1 34. Qe3+ Kg6 35. f4 Rg1+ 36. Kf3 Rh1 37. Qe6+ Kg7 38. Qxf5 Rb1 39. Qe5+ Kf7 40. h4 Rh3+ 41. Kg4 Rbh1 42. Qc7+ Kg8 43. f5 Rxh4+ 44. Kg5 Rh5+ 45. Kf6 Rh6+ 46. Ke5 R1h5 47. Qd8+ Kf7 48. Qd7+ Kf8 49. b4 Rh1 50. f6 R1h5+ 51. Ke6 1-0